Подробности
| 000 -МАРКЕР |
| контрольное поле |
03160nam0a2200385 4500 |
| 001 - ИДЕНТИФИКАТОР ЗАПИСИ |
| контрольное поле |
RU\NLR\BIBL_A\010019465 |
| 005 - ИДЕНТИФИКАТОР ВЕРСИИ |
| контрольное поле |
20260408112239.0 |
| 010 ## - МЕЖДУНАРОДНЫЙ СТАНДАРТНЫЙ НОМЕР КНИГИ (ISBN) |
| Номер (ISBN) |
978-5-4220-0485-0 |
| Уточнения |
т. 14 |
| 010 ## - МЕЖДУНАРОДНЫЙ СТАНДАРТНЫЙ НОМЕР КНИГИ (ISBN) |
| Номер (ISBN) |
978-5-4220-0471-3 |
| Тираж |
500 |
| 021 ## - НОМЕР ГОСУДАРСТВЕННОЙ РЕГИСТРАЦИИ |
| Код страны |
Российская Федерация |
| Номер |
2013-92503 |
| Номер Листа государственной регистраци |
6406 |
| 035 ## - ДРУГИЕ СИСТЕМНЫЕ НОМЕРА |
| Идентификатор записи |
(NLR Aleph) 010019465 |
| 100 ## - ДАННЫЕ ОБЩЕЙ ОБРАБОТКИ |
| Данные общей обработки |
20131228d2013 |||y0rusy50 ca |
| 101 0# - ЯЗЫК РЕСУРСА |
| Язык текста, звукозаписи и т.д. |
русский |
| 102 ## - СТРАНА ПУБЛИКАЦИИ ИЛИ ПРОИЗВОДСТВА |
| Страна публикации |
Российская Федерация |
| 105 ## - ПОЛЕ КОДИРОВАННЫХ ДАННЫХ: ТЕКСТОВЫЕ МАТЕРИАЛЫ, МОНОГРАФИЧЕСКИЕ |
| Кодированные данные о монографическом текстовом документе |
a|||||||||||| |
| 200 1# - ЗАГЛАВИЕ И СВЕДЕНИЯ ОБ ОТВЕТСТВЕННОСТИ |
| Основное заглавие |
Мир через языки, образование, культуру: Россия - Кавказ - Мировое сообщество |
| Сведения, относящиеся к заглавию |
материалы VII Международного конгресса, 14-18 октября 2013 г. |
| -- |
[сборник статей |
| Первые сведения об ответственности |
редкол.: В.В. Айрапетова, к.п.н., доц., Г.А. Воробьев, к.п.н., доц.] |
| 210 ## - ПУБЛИКАЦИЯ, РАСПРОСТРАНЕНИЕ И ДР. |
| Место издания, распространения и т.д. |
Пятигорск |
| Имя издателя, распространителя и т. д. |
ПГЛУ |
| Дата издания, распространения и т.д. |
2013 |
| 215 ## - ФИЗИЧЕСКАЯ ХАРАКТЕРИСТИКА |
| Специфическое обозначение материала и объем |
154 с. |
| Другие сведения о физической характеристике |
ил. |
| Размеры |
21 |
| 300 ## - ОБЩИЕ ПРИМЕЧАНИЯ |
| Текст примечания |
В надзаг.: Гос. Дума Федер. Собр. Рос. Федерации, Аппарат полномоч. представителя Президента Рос. Федерации в Сев.-Кавказ. федер. окр., М-во образования и науки Рос. Федерации [и др.] |
| 320 ## - ПРИМЕЧАНИЯ О НАЛИЧИИ В ДОКУМЕНТЕ БИБЛИОГРАФИИ / УКАЗАТЕЛЯ |
| Текст примечания |
Библиогр. в конце ст. |
| 327 1# - ПРИМЕЧАНИЯ О СОДЕРЖАНИИ |
| Текст примечания |
Содерж.: Симпозиум XVI Семья как фактор формирования духовной культуры личности и общества, как институт социализации в поликультурном пространстве. Гендер, семья, и властные отношения; Симпозиум XVII Современные информационные технологии как фактор интеграции коммуникативного и образовательного пространства в мультикультурном мире |
| 606 1# - НАИМЕНОВАНИЕ ТЕМЫ КАК ПРЕДМЕТ |
| Наименование темы |
Информатизация образования |
| Формальный подзаголовок |
Съезды, совещания и т.п. |
| Системный номер авторитетной/нормативной записи |
2076217 |
| Идентификатор авторитетной/нормативной записи |
RU\NLR\AUTH\661251341 |
| 606 1# - НАИМЕНОВАНИЕ ТЕМЫ КАК ПРЕДМЕТ |
| Наименование темы |
Общество |
| Формальный подзаголовок |
Съезды, совещания и т.п |
| Тематический подзаголовок |
Информатизация |
| Системный номер авторитетной/нормативной записи |
2097006 |
| Идентификатор авторитетной/нормативной записи |
RU\NLR\AUTH\661268693 |
| 606 1# - НАИМЕНОВАНИЕ ТЕМЫ КАК ПРЕДМЕТ |
| Наименование темы |
Семья и брак |
| Формальный подзаголовок |
Съезды, совещания и т.п |
| Тематический подзаголовок |
Социально-психологические исследования |
| Системный номер авторитетной/нормативной записи |
2075079 |
| Идентификатор авторитетной/нормативной записи |
RU\NLR\AUTH\661250120 |
| 686 1# - ИНДЕКСЫ ДРУГИХ КЛАССИФИКАЦИЙ |
| Индекс |
Ч312.31я431 |
| 686 1# - ИНДЕКСЫ ДРУГИХ КЛАССИФИКАЦИЙ |
| Индекс |
С550.10я431 |
| 686 1# - ИНДЕКСЫ ДРУГИХ КЛАССИФИКАЦИЙ |
| Индекс |
С550.57я431 |
| 686 1# - ИНДЕКСЫ ДРУГИХ КЛАССИФИКАЦИЙ |
| Индекс |
С550.53я431 |
| 702 #1 - ИМЯ ЛИЦА - ВТОРИЧНАЯ ОТВЕТСТВЕННОСТЬ |
| Код отношения |
Редактор |
| Начальный элемент ввода |
Айрапетова |
| Часть имени, кроме начального элемента ввода |
В. В. |
| Дополнения к именам, кроме дат |
канд. пед. наук |
| Расширение инициалов личного имени |
Варсеник Владимировна |
| Системный номер авторитетной/нормативной записи |
190143 |
| Идентификатор авторитетной/нормативной записи |
RU\NLR\AUTH\770190194 |
| 711 12 - НАИМЕНОВАНИЕ ОРГАНИЗАЦИИ - АЛЬТЕРНАТИВНАЯ ОТВЕТСТВЕННОСТЬ |
| Начальный элемент ввода |
"Мир через языки, образование, культуру: Россия - Кавказ - Мировое сообщество", международный конгресс |
| Порядковый номер временной организации и / или порядковый номер ее части |
7 |
| Дата проведения временной организации |
2013 |
| Место проведения временной организации |
Пятигорск |
| Идентификатор авторитетной/нормативной записи |
RU\NLR\AUTH\880359948 |
| Системный номер авторитетной/нормативной записи |
387125 |
| 942 ## - ДОПОЛНИТЕЛЬНЫЕ ЭЛЕМЕНТЫ ЗАПИСИ (АБИС) |
| Тип экземпляра АБИС |
Книга |
| 980 ## - КОЛЛЕКЦИЯ |
| Название коллекции |
Национальная библиография |